| Tag |
First Indicator |
Second Indicator |
Subfields |
| LEADER |
00000cam a2200000Ii 4500 |
| 001 |
in00004520021 |
| 005 |
20200713125644.0 |
| 006 |
m d |
| 007 |
cr cn||||||||| |
| 008 |
091215s2020 paua ob 000 0 eng d |
| 020 |
|
|
|z 9780323611145
|
| 020 |
|
|
|a 0323611141
|
| 020 |
|
|
|a 9780323611145
|
| 035 |
|
|
|a (OCoLC)on1122857615
|
| 035 |
|
|
|a (OCoLC)1122857615
|
| 040 |
|
|
|a USU
|b eng
|e rda
|e pn
|c USU
|d SMC
|d INM
|d OCLCO
|d TMV
|d UtOrBLW
|
| 049 |
|
|
|a TMVM
|
| 050 |
|
4 |
|a RD101
|
| 060 |
|
4 |
|a WE 175
|b S627 2020eb
|
| 245 |
0 |
0 |
|a Skeletal trauma :
|b basic science, management, and reconstruction /
|c [edited by] Bruce D. Browner, Jesse B. Jupiter, Christian Krettek, Paul A. Anderson.
|
| 250 |
|
|
|a Sixth edition.
|
| 264 |
|
1 |
|a Philadelphia :
|b Elsevier,
|c [2020]
|
| 264 |
|
4 |
|c ©2020
|
| 300 |
|
|
|a 1 online resource :
|b illustrations (some color)
|
| 336 |
|
|
|a text
|b txt
|2 rdacontent
|
| 337 |
|
|
|a computer
|b c
|2 rdamedia
|
| 338 |
|
|
|a online resource
|b cr
|2 rdacarrier
|
| 500 |
|
|
|a Electronic resource.
|
| 500 |
|
|
|a Description based on opening page (viewed Oct 17, 2019).
|
| 504 |
|
|
|a Includes bibliographical references.
|
| 588 |
0 |
|
|a Online resource; title from digital title page (ClinicalKey, viewed on October 11, 2019).
|
| 650 |
|
0 |
|a Fractures.
|0 http://id.loc.gov/authorities/subjects/sh85051155
|
| 650 |
|
0 |
|a Bone
|x Wounds and injuries.
|
| 650 |
|
0 |
|a Dislocations.
|0 http://id.loc.gov/authorities/subjects/sh85038438
|
| 650 |
|
0 |
|a Ligaments
|x Wounds and injuries.
|0 http://id.loc.gov/authorities/subjects/sh85076866
|
| 650 |
|
2 |
|a Fractures, Bone.
|0 (DNLM)D050723
|0 https://id.nlm.nih.gov/mesh/D050723
|
| 650 |
|
2 |
|a Bone and Bones
|x injuries.
|0 (DNLM)D001842Q000293
|0 https://id.nlm.nih.gov/mesh/D001842Q000293
|
| 650 |
|
2 |
|a Joint Dislocations.
|0 (DNLM)D004204
|0 https://id.nlm.nih.gov/mesh/D004204
|
| 650 |
|
2 |
|a Ligaments
|x injuries.
|0 (DNLM)D008022Q000293
|0 https://id.nlm.nih.gov/mesh/D008022Q000293
|
| 655 |
|
7 |
|a Ebooks.
|2 local
|
| 655 |
|
7 |
|a Electronic books.
|2 local
|
| 700 |
1 |
|
|a Browner, Bruce D.,
|e editor.
|0 http://id.loc.gov/authorities/names/n85342001
|
| 700 |
1 |
|
|a Jupiter, Jesse B.,
|e editor.
|0 http://id.loc.gov/authorities/names/n88008292
|
| 700 |
1 |
|
|a Krettek, Christian,
|d 1953-
|e editor.
|0 http://id.loc.gov/authorities/names/no2006048548
|
| 700 |
1 |
|
|a Anderson, Paul,
|d 1952-
|e editor.
|0 http://id.loc.gov/authorities/names/n2009181090
|
| 710 |
2 |
|
|a Elsevier Science (Firm)
|0 http://id.loc.gov/authorities/names/no99049782
|
| 730 |
0 |
|
|a ClinicalKey.
|
| 856 |
4 |
0 |
|u http://proxy.library.tamu.edu/login?url=https://www.clinicalkey.com/dura/browse/bookChapter/3-s2.0-C20171021943
|z Connect to the full text of this electronic book.
|t 0
|
| 999 |
f |
f |
|s 46ff2325-9be4-3272-8e94-c02796e134aa
|i 301455f5-d22f-3557-8cd7-ff17d6a789e8
|t 0
|
| 952 |
f |
f |
|a Texas A&M University
|b College Station
|c Electronic Resources
|d Available Online
|t 0
|e WE 175 S627 2020eb
|h National Library of Medicine classification
|
| 998 |
f |
f |
|a WE 175 S627 2020eb
|t 0
|l Available Online
|